000 00414nam a2200145Ia 4500
008 130318s9999 xx 000 0 und d
020 _a385260954
082 _a658.4038 SEN/F
100 _aSenge, Peter M
245 _aFifth discipline: The art and practice of the learning organization
260 _bDoubleday
_aNew York
_c1994
300 _a423
650 _aKNOWLEDGE MANAGEMENT
650 _aLEARNING ORGANIZATION
999 _c295
_d295